|
|
|
|
| LEADER |
00000nbm0a2200000 4500 |
| 001 |
79497 |
| 005 |
20231031094305.0 |
| 035 |
|
|
|a (RuTPU)RU\TPU\book\85467
|
| 090 |
|
|
|a 79497
|
| 100 |
|
|
|a 20050818d1979 k y0rusy50 ca
|
| 101 |
0 |
|
|a rus
|
| 102 |
|
|
|a RU
|
| 105 |
|
|
|a a m 001zy
|
| 200 |
1 |
|
|a Регрессионные методы анализа качества электрической энергии в распределительных сетях
|e диссертация на соискание ученой степени кандидата технических наук
|e Спец.05.14.02
|f Г. З. Маркман
|g Томский политехнический институт; науч. рук. Р. И. Борисов
|
| 210 |
|
|
|a Томск
|c [Б. и.]
|d 1979
|
| 215 |
|
|
|a 168 л.
|c ил.
|
| 320 |
|
|
|a Библиогр.: с. 135-142 (75 назв.)
|
| 610 |
1 |
|
|a диссертации
|
| 610 |
1 |
|
|a регрессионный анализ
|
| 610 |
1 |
|
|a качественный анализ
|
| 610 |
1 |
|
|a электрическая энергия
|
| 610 |
1 |
|
|a распределительные сети
|
| 610 |
1 |
|
|a напряжения
|
| 610 |
1 |
|
|a узлы сетей
|
| 610 |
1 |
|
|a линеаризация
|
| 610 |
1 |
|
|a нагрузки
|
| 610 |
1 |
|
|a ковариация
|
| 675 |
|
|
|a 621.316.1(048)
|v 3
|
| 686 |
|
|
|a 05.14.02
|2 oksvnk
|
| 700 |
|
1 |
|a Маркман
|b Г. З.
|g Григорий Зямович
|
| 702 |
|
1 |
|a Борисов
|b Р. И.
|4 727
|
| 712 |
0 |
2 |
|a Томский политехнический институт
|2 stltpush
|3 (RuTPU)RU\TPU\col\1123
|
| 801 |
|
1 |
|a RU
|b 63413507
|c 20050818
|g PSBO
|
| 801 |
|
2 |
|a RU
|b 63413507
|c 20180827
|g RCR
|
| 942 |
|
|
|c BK
|